000 01458nam a22001937a 4500
005 20220223101518.0
008 220223b ||||| |||| 00| 0 eng d
020 _a9780357670743
050 _aJF1351.G66
100 _9Milakovich, Michael E.
245 _aPublic administration in America /
_cMichael E. Milakovich and George J. Gordon.
250 _a11th ed.
260 _aBoston :
_bCengage Learning Inc.,
_c2013.
300 _axxiii, 648 p. :
_c24 cm.
500 _aIncludes notes and index.
505 _aContents : Part I : The context, nature, and structure of public administration in America : Approaching the study of public administration -- Public administration, democracy, and bureaucratic power -- Federalism and intergovernmental relations -- Part II : Managing and leading public organizations : Organizational theory -- Decision making in administration -- Chief executive and the challenges of administrative leadership -- Part III : The core functions of public management : Public personnel administration and human resources development -- Government budgeting -- Public policy and program implementation -- Part IV : Challenges and prospects in a turbulent future : results, regulation, and responsiveness : Performance management in the public sector -- Government regulation and administrative law -- Conclusion : public administration in a time of conflict and social change.
700 _aGordon, George J.
942 _2lcc
_cBK
999 _c8777
_d16277